LEADER 01103cam0-2200349---450- 001 990007970950403321 005 20150204115533.0 010 $a3-85842-490-0 035 $a000797095 035 $aFED01000797095 035 $a(Aleph)000797095FED01 035 $a000797095 100 $a20041210d2002----km-y0itay50------ba 101 0 $ager 102 $aCH 105 $aa-------001cd 200 1 $aVon den Ufern der Memel ins Ungewisse$eeine Jugend im Schatten des Holocaust$fZwi Katz$gmit einem Geleitwort von Ernst Holthaus$gund einem Nachwort von Christoph Dieckmann 210 $aZürich$cPendo$d2002 215 $a173 p.$cill.$d20 cm 610 0 $aEbrei$aPersecuzioni$a1939-1945$aDiari e memorie 610 0 $aOlocausto$a1933-1945 676 $a940.5318 700 1$aKatz,$bZwi$0295192 702 1$aHolthaus,$bErnst 702 1$aDieckmann,$bChristoph 801 0$aIT$bUNINA$gRICA$2UNIMARC 901 $aBK 912 $a990007970950403321 952 $a940.531 KAT 1$bBibl. 50383$fFLFBC 959 $aFLFBC 996 $aVon den Ufern der Memel ins Ungewisse$9747651 997 $aUNINA LEADER 01907nam0 2200445 i 450 001 URB0384132 005 20251003044433.0 010 $a8814098530 020 $aIT$b2004-496 100 $a20060929d2003 ||||0itac50 ba 101 | $aita 102 $ait 181 1$6z01$ai $bxxxe 182 1$6z01$an 200 1 $aInformatica, Internet e diritto penale$fCarlo Sarzana di S. Ippolito$gprefazione di Giovanni Conso 205 $a2. ed.$briv.$bcorr. ed ampliata 210 $aMilano$cA. Giuffrè$d°2003] 215 $aXX, 590 p.$d24 cm 225 | $aInformatica e ordinamento giuridico$v11 300 $aSegue: Allegati 300 $aTit. dell'ed. precedente: Informatica e diritto penale. 410 0$1001CFI0012032$12001 $aInformatica e ordinamento giuridico$v11 606 $aFrode in informatica$2FIR$3CFIC003244$9I 606 $aInformatica$xAspetti giuridici$2FIR$3CFIC020764$9I 676 $a345$9Diritto penale$v12 676 $a345.450268$9REATI COMMERCIALI, FINANZIARI, PROFESSIONALI. ITALIA$v21 676 $a345.450268$9REATI COMMERCIALI, FINANZIARI, PROFESSIONALI. ITALIA$v23 696 $aScienza degli elaboratori 699 $aInformatica$yScienza degli elaboratori 700 1$aSarzana di Sant'Ippolito$b, Carlo$3CFIV034871$4070$0772153 790 1$aSarzana$b, Carlo$3CFIV185609$zSarzana di Sant'Ippolito, Carlo 790 1$aSarzana di S. Ippolito$b, Carlo$3CFIV212514$zSarzana di Sant'Ippolito, Carlo 801 3$aIT$bIT-000000$c20060929 850 $aIT-BN0095 $aIT-NA0070 901 $bNAP 01$cD $n$ 912 $aURB0384132 950 0$aBiblioteca Centralizzata di Ateneo$c1 v.$d 01D (C) 00 1663$e 01C 0080016635 VMA 1 v.$fY $h20121022$i20121022 977 $a 01$a BU 996 $aInformatica, Internet e diritto penale$91576199 997 $aUNISANNIO LEADER 02422oas 2201093 a 450 001 9910144061903321 005 20251106213014.0 011 $a1545-2948 035 $a(DE-599)ZDB1470448-1 035 $a(DE-599)1470448-1 035 $a(OCoLC)41333387 035 $a(CONSER) 2003215278 035 $a(CKB)954925458042 035 $a(EXLCZ)99954925458042 100 $a19990510a19679999 sy a 101 0 $aeng 135 $aurbn||||||abp 135 $aurbn||||||ada 181 $ctxt$2rdacontent 182 $cc$2rdamedia 183 $acr$2rdacarrier 200 00$aAnnual review of genetics 210 $aPalo Alto, Calif. $cAnnual Reviews 215 $a1 online resource 300 $aRefereed/Peer-reviewed 311 08$a0066-4197 531 0 $aAnnu. rev. genet. 606 $aGenetics$vPeriodicals 606 $aGenetics 606 $aGe?ne?tique$vPe?riodiques 606 $aGenetics & Genomics$2ebps 606 $aGenetics$2fast$3(OCoLC)fst00940117 606 $aGenetica$2gtt 608 $aPeriodicals.$2fast 608 $aPeriodicals.$2lcgft 615 0$aGenetics 615 2$aGenetics. 615 6$aGe?ne?tique 615 7$aGenetics & Genomics. 615 7$aGenetics. 615 17$aGenetica. 676 $a599.93 702 $aRoman$b Herschel L. 801 0$bTMC 801 1$bTMC 801 2$bEYM 801 2$bOCLCQ 801 2$bNSD 801 2$bOCLCQ 801 2$bIUL 801 2$bOCLCQ 801 2$bFQM 801 2$bLGG 801 2$bOCLCQ 801 2$bOCLCF 801 2$bOCLCO 801 2$bVT2 801 2$bEUW 801 2$bOCLCQ 801 2$bCUT 801 2$bGZN 801 2$bOCLCO 801 2$bELW 801 2$bOCLCO 801 2$bWT2 801 2$bOCLCO 801 2$bOCLCA 801 2$bMUX 801 2$bOCLCE 801 2$bCUS 801 2$bOCLCO 801 2$bBUF 801 2$bOCLCO 801 2$bUUM 801 2$bOCLCO 801 2$bOCLCQ 801 2$bLHU 801 2$bOCLCQ 801 2$bOCLCO 801 2$bWYU 801 2$bOCLCO 801 2$bOCLCA 801 2$bOCLCO 801 2$bNJT 801 2$bOCLCO 801 2$bOCLCQ 801 2$bOCLCA 801 2$bOCLCQ 801 2$bOCLCL 801 2$bOCLCQ 906 $aJOURNAL 912 $a9910144061903321 996 $aAnnual review of genetics$9379585 997 $aUNINA